00505nam a2200145Ia 4500008004100000041000800041082001500049100003400064245003800098260003300136300002300169365000700192999001700199952014300216240624s9999 xx 000 0 und d aeng a891.46 DES aDESHPANDEY PURUSHOTTAM LAXMAN aMARATHI WAADMYACHA GAADIV ITIHAAS c2011aMumbaibMouj Prakashan a76 : p. : cm. ; 21 cRS c28705d28705 00104070aIMTNbIMTNcRack 43-Ad2017-05-16g70.00l2o891.46 DESp28705q2026-01-25r2026-01-15 14:02:29s2026-01-15t1w2024-06-24yBK